=LDR 00000nam 2200000 4500 =001 INLIS000000000040129 =005 20130612145718 =008 ***********************************ind** =035 ##$$0010-061300000040129 =041 ##$$a ind =082 ##$$a 028.5 =100 ##$$a andree bertino =245 ##$$a 366 hal-hal yang perlu anak anda ketahui : bunga-bunga di atap dunia =260 ##$$a alice saputra communication $b bogor =300 ##$$a 24 hlm =850 ##$$a NBPNMAT